FCE Club
Αποθηκεύτηκε σε:
| Μορφή: | Περιοδική έκδοση |
|---|---|
| Γλώσσα: | English |
| Δημοσίευση: |
London :
Mary Glasgow Magazines,
[199-;]
|
| Θέματα: | |
| Ετικέτες: |
Προσθήκη ετικέτας
Δεν υπάρχουν, Καταχωρήστε ετικέτα πρώτοι!
|
MARC
| LEADER | 00000nas a2200000 i 4500 | ||
|---|---|---|---|
| 001 | 1/53910 | ||
| 008 | 040505c199 uk eng | ||
| 022 | |a 03074382 | ||
| 035 | |l 10073176 | ||
| 040 | |a GR-MY-UA |b gre |e aacr | ||
| 041 | 0 | |a eng | |
| 082 | 0 | |a 428.0071 | |
| 245 | 1 | 0 | |a FCE Club |h [περιοδικό] |
| 260 | |a London : |b Mary Glasgow Magazines, |c [199-;] | ||
| 300 | |a τ. : |b εικ. ; |c 28 εκ. + |e 2 κασέτες | ||
| 310 | |a Διμηνιαίο | ||
| 500 | |a Το παρόν περιοδικό συνοδεύεται απο κασέτες ήχου | ||
| 650 | 0 | 0 | |a English language |x Study and teaching |x Periodicals. |
| 650 | 0 | 0 | |a Language arts |x Periodicals. |
| 853 | |a INST |b CHIOS |c SER |h 428.0071 | ||
| 901 | |a BIBL2-2004-1 | ||
| 922 | |a 2ΕΛΗ |b 199403 |c ΚΕΝΤΡΙΚΗ ΒΙΒΛΙΟΘΗΚΗ |d SWETS | ||
| 970 | |a ΣΠΕΝΤΖΑ |b ΕΛΕΝΗ |z 2004/05/05 | ||